000 00863nam a22002177a 4500
003 OSt
005 20250909143952.0
008 231018b ||||| |||| 00| 0 eng d
040 _c0
082 _aDPer 658.8005 J826 Winter-Fall 2020 v. 28 n. 1-4
100 _aBath, Jatinderpreet Kaur.
_eauthor.
_949699
245 _aSeeking consumer forgiveness :
_bface management by frontline employees /
_cJatinderpreet Kaur Bath and Anupam Bawa.
260 _aPhiladelphia ;
_bTaylor & Francis Group ,
_cFall 2020.
300 _aVolume 28, pages 387-402 :
_billustration ;
_c28 cm.
500 _aJournal of Marketing Theory and Practice, vol. 28, no. 4, pages 387-402, Fall 2020.
650 _aManagement.
_949700
650 0 _aConsumers.
_913473
700 _aBath, Jatinderpreet Kaur.
_eauthor.
_949699
700 _aBawa, Anupam.
_eauthor.
_949701
942 _2ddc
_cPER
999 _c18359
_d18359